A primer of E.C.G: (Record no. 41816)

MARC details
000 -LEADER
fixed length control field 00795nam a22002177a 4500
005 - DATE AND TIME OF LATEST TRANSACTION
control field 20100814112556.0
010 ## - LCCN (DPL NO)
LC control number ENG-100034
020 ## - INTERNATIONAL STANDARD BOOK NUMBER
International Standard Book Number 9788173716874
Terms of availability 150.00
035 ## - SYSTEM CONTROL NUMBER
System control number EN-83566
037 ## - SOURCE OF ACQUISITION
Source of stock number/acquisition DBAD/PUB
082 ## - DEWEY DECIMAL CLASSIFICATION NUMBER
Classification number 616.1207547
100 ## - MAIN ENTRY--PERSONAL NAME
Personal name Misra,K.P.
245 ## - TITLE STATEMENT
Title A primer of E.C.G:
Remainder of title a simple and deductive approach /
Statement of responsibility, etc by K.P.Misra
260 ## - PUBLICATION, DISTRIBUTION, ETC. (IMPRINT)
Place of publication, distribution, etc Hyderabad
Name of publisher, distributor, etc Universities press (India)
Date of publication, distribution, etc 2010
270 ## - ADDRESS
Address 3-6-747/1/A & 3-6-754/1,HimayatNagar
City Hyderabad
Postal code 500029
300 ## - PHYSICAL DESCRIPTION
Extent 152p.
Dimensions 24cm (pbk)
500 ## - GENERAL NOTE
General note Includes index
650 ## - SUBJECT ADDED ENTRY--TOPICAL TERM
Topical term or geographic name as entry element E.C.G
942 ## - ADDED ENTRY ELEMENTS (KOHA)
Source of classification or shelving scheme Dewey Decimal Classification
Item type English Books
Classification part 616.1207547
Call number suffix MIS
Holdings
Withdrawn status Lost status Not for loan Collection code Home library Current library Date acquired Source of acquisition Cost, normal purchase price Full call number Barcode Cost, replacement price Koha item type
    Not For Loan Non-fiction D.B.Act.Division D.B.Act.Division 14/08/2010 DBAD / PUB 150.00 616.1207547 MIS EN-83566 150.00 English Books

© Delhi Public Library
Hit Counter
free hit counter